Faculty of Law Library — Cairo University

Official Online Catalog

الحماية القانونية والفنية لقواعد المعلومات المحوسبة : (Record no. 50739)

MARC details
000 -LEADER
fixed length control field 01578nam a22003617i 4500
003 - CONTROL NUMBER IDENTIFIER
control field EG-GICUC
005 - DATE AND TIME OF LATEST TRANSACTION
control field 20260404214740.0
008 - FIXED-LENGTH DATA ELEMENTS--GENERAL INFORMATION
fixed length control field 251216r20092007jo ||||fr|||| 00| 0 ara d
017 ## - COPYRIGHT OR LEGAL DEPOSIT NUMBER
Copyright or legal deposit number 2009/7190
020 ## - INTERNATIONAL STANDARD BOOK NUMBER
International Standard Book Number 9789770459747
040 ## - CATALOGING SOURCE
Original cataloging agency EG-GICUC
Language of cataloging ara
Transcribing agency EG-GICUC
Modifying agency EG-GICUC
Description conventions rda
041 0# - LANGUAGE CODE
Language code of text/sound track or separate title ara
082 04 - DEWEY DECIMAL CLASSIFICATION NUMBER
Edition number 21
Classification number 343.46
Item number ه ل . ح
092 04 - LOCALLY ASSIGNED DEWEY CALL NUMBER (OCLC)
Edition number 21
099 ## - LOCAL FREE-TEXT CALL NUMBER (OCLC)
Classification number Law1 10 343.46 ه ل . ح 2009
100 0# - MAIN ENTRY--PERSONAL NAME
Personal name هلال بن محمد بن حارب البوسعيدي
Relator term مؤلف.
245 12 - TITLE STATEMENT
Title الحماية القانونية والفنية لقواعد المعلومات المحوسبة :
Remainder of title ( دراسة قانونية وفنية مقارنة ) /
Statement of responsibility, etc. دكتور هلال بن محمد بن حارب البوسعيدي ؛ احمد عوض بلال ؛ إبراهيم عيد نايل ؛ عمر سالم.
264 #1 - PRODUCTION, PUBLICATION, DISTRIBUTION, MANUFACTURE, AND COPYRIGHT NOTICE
Place of production, publication, distribution, manufacture القاهرة :
Name of producer, publisher, distributor, manufacturer دار النهضة العربية،
Date of production, publication, distribution, manufacture, or copyright notice 2009.
300 ## - PHYSICAL DESCRIPTION
Extent 374 ؛صفحة
Dimensions 24 سم
336 ## - CONTENT TYPE
Source rda content
Content type term text
337 ## - MEDIA TYPE
Source rda media
Media type term Computer
338 ## - CARRIER TYPE
Source rda carrier
Carrier type term Online Resource
504 ## - BIBLIOGRAPHY, ETC. NOTE
Bibliography, etc. note . 311 ببليوجرافيا: صفحات
546 ## - LANGUAGE NOTE
Language note النص باللغة العربية
650 14 - SUBJECT ADDED ENTRY--TOPICAL TERM
Topical term or geographic name entry element التشريعات المتعلقة بتقنية المعلومات
650 14 - SUBJECT ADDED ENTRY--TOPICAL TERM
Topical term or geographic name entry element القانون الجنائي
700 ## - ADDED ENTRY--PERSONAL NAME
Personal name احمد عوض بلال
Relator term مشرف مشارك
700 ## - ADDED ENTRY--PERSONAL NAME
Personal name إبراهيم عيد نايل
Relator term مشرف مشارك
700 ## - ADDED ENTRY--PERSONAL NAME
Personal name عمر سالم
Relator term مشرف مشارك
856 40 - ELECTRONIC LOCATION AND ACCESS
Uniform Resource Identifier <a href="https://fll.law.cu.edu.eg/fulltext/bks/B10-06985.pdf">https://fll.law.cu.edu.eg/fulltext/bks/B10-06985.pdf</a>
905 ## - Cataloger and Reviser Names
Cataloger Name: Roqaia Ahmed
942 ## - ADDED ENTRY ELEMENTS (KOHA)
Source of classification or shelving scheme Dewey Decimal Classification
Koha item type Books
Edition 21
Suppress in OPAC No
Holdings
Withdrawn status Lost status Source of classification or shelving scheme Damaged status Not for loan Collection Home library Current library Date acquired Total checkouts Full call number Barcode Date last seen Copy number Price effective from Koha item type
    Dewey Decimal Classification   Not for loan القانون الجنائي جــــامعة القــاهرة مكتبة كلية الحقوق - المبنى الرئيسي 16.12.2025   Law1 10 343.46 ه ل . ح 2009 1006985 C1 B10-06985 16.12.2025 1 16.12.2025 Books
    Dewey Decimal Classification     القانون الجنائي جــــامعة القــاهرة مكتبة كلية الحقوق - المبنى الرئيسي 16.12.2025   Law1 10 343.46 ه ل . ح 2009 1006984 C2 B10-6984 16.12.2025 2 16.12.2025 Books

© All rights reserved — Faculty of Law, Cairo University